Пропуск в контексте

Геологические основы эффективного использования нефтегазоносносности недр на базе капиллярно-гравитационной концепции нефтегазонакопления

Курс лекций включает сведения о взаимодействии сил, участвующих в процессах нефтегазонакопления в период формирования залежей нефти и газа и в период разработки месторождений углеводородов. Содержит рекомендации с позиции теории капиллярности нефтегазонакоплений, касающиеся прогнозирования контуров...

Полное описание

Сохранить в:
Библиографические подробности
Главный автор: Большаков Ю. Я.
Формат: Книга
Язык:Russian
Опубликовано: Тюмень ТИУ 2013
Online-ссылка:http://e.lanbook.com/books/element.php?pl1_id=55423
https://e.lanbook.com/img/cover/book/55423.jpg
Метки: Добавить метку
Нет меток, Требуется 1-ая метка записи!
LEADER 02576nam0a2200265 i 4500
001 55423
003 RuSpLAN
005 20221220173929.0
008 221220s2013 ru gs 000 0 rus
020 |a 978-5-9961-0777-3 
040 |a RuSpLAN 
041 0 |a rus 
044 |a ru 
080 |a 553.982.052 
084 |a 26.343  |2 rubbk 
245 0 0 |a Геологические основы эффективного использования нефтегазоносносности недр на базе капиллярно-гравитационной концепции нефтегазонакопления  |c Большаков Ю. Я. 
260 |a Тюмень  |b ТИУ  |c 2013 
300 |a 80 с. 
504 |a Библиогр.: доступна в карточке книги, на сайте ЭБС Лань 
520 8 |a Курс лекций включает сведения о взаимодействии сил, участвующих в процессах нефтегазонакопления в период формирования залежей нефти и газа и в период разработки месторождений углеводородов. Содержит рекомендации с позиции теории капиллярности нефтегазонакоплений, касающиеся прогнозирования контуров нефтегазоносности, площади залежей нефти и газа, характера продвижения фронта «нефть-вода» при разработке месторождения, распределении остаточной гравитационной нефти в обводненных зонах. Кроме того, рассмотрены вопросы вторичной миграции нефти и газа, а также вопросы рационального размещения нагнетательных скважин при разработке нефтяных залежей. Предназначен для студентов высших учебных заведений, обучающихся по специальности 130101.65 «Прикладная геология». 
521 8 |a Книга из коллекции ТИУ - Инженерно-технические науки 
100 1 |a Большаков Ю. Я. 
856 4 |u http://e.lanbook.com/books/element.php?pl1_id=55423 
856 4 8 |u https://e.lanbook.com/img/cover/book/55423.jpg 
953 |a https://e.lanbook.com/img/cover/book/55423.jpg